Legal Notes on Banking Transactions (Record no. 343696)

000 -LEADER
fixed length control field 00341 a2200133 4500
082 ## - DEWEY DECIMAL CLASSIFICATION NUMBER
Classification number 346.5491082
090 ## - LOCALLY ASSIGNED LC-TYPE CALL NUMBER (OCLC); LOCAL CALL NUMBER (RLIN)
-- 1166
-- 1166
245 ## - TITLE STATEMENT
Title Legal Notes on Banking Transactions
250 ## - EDITION STATEMENT
Edition statement 1st
260 ## - PUBLICATION, DISTRIBUTION, ETC.
Place of publication, distribution, etc. Karachi
Name of publisher, distributor, etc. The Institute of Bankers in Pakistan
Date of publication, distribution, etc. 1994
300 ## - PHYSICAL DESCRIPTION
Extent 444p
500 ## - GENERAL NOTE
General note Hard cover
942 ## - ADDED ENTRY ELEMENTS (KOHA)
Institution code [OBSOLETE] NBS
Koha item type Book
Call number prefix 346.5491082 BAN
Holdings
Withdrawn status Lost status Damaged status Not for loan Permanent Location Current Location Date acquired Total Checkouts Full call number Barcode Date last seen Date last checked out Price effective from Koha item type
        NUST Law School (NLS) NUST Law School (NLS) 08/28/2013 1 346.5491082 BAN NBSD-1170 11/23/2017 08/18/2017 08/28/2013 Book
© 2023 Central Library, National University of Sciences and Technology. All Rights Reserved.